Mesárošová, Margita: Nadané deti. Poznávanie a rozvíjanie ich osobnosti. - Prešov : ManaCon, 1998. - 183 s.

Bibliographic Details
Main Author: Ďurišová, Marcela (pedagogička) (Author)
Format: Article
Language:Slovak

MARC

LEADER 00000nab a2200000 a 4500
001 vtls001505944
003 SK-MaSNL
005 20260304135840.0
008 250505s1999 xo 000 0 slo
015 |a SNBRB 
035 |a SPKCL8271 
035 |a urn:nbn:sk:snk-ab9snf 
035 |a (urnnbn)urn:nbn:sk:snk:ar-a08rdg 
035 |a (uuid)a3696efd-a0da-4727-9b0d-8770c4db9d1b 
040 |a SNKBUCL  |b slo  |c SNKBUCL  |e AACR2 
041 0 |a slo 
044 |a xo  |c SK 
080 |a 376.545:159.922.765  |2 1981 
100 1 |a Ďurišová, Marcela  |c (pedagogička)  |4 aut  |9 156708 
245 1 0 |a Mesárošová, Margita: Nadané deti. Poznávanie a rozvíjanie ich osobnosti. - Prešov : ManaCon, 1998. - 183 s. 
773 0 |t Technológia vzdelávania  |g Roč. 7, č. 3 (1999), s. 16-17 
787 0 8 |i Rec.:  |a Mesárošová, Margita  |t Nadané deti. Poznávanie a rozvíjanie ich osobnost  |d Prešov : ManaCon, 1998 
850 |a Slovenská národná knižnica 
852 |a Slovenská národná knižnica 
954 |a odborná, vedecká literatúra pôvodná (slovenská)  |2 lita 
958 |a article13 
958 |a OND 
958 |a EUIPO 
999 |c 2912486  |d 2914416